Science Quiz

Random Science or Alphabet Quiz

Find the Fake Animal A-Z Quiz Stats

 Plays Quiz Updated Mar 29, 2019

Score 0/26 Timer 05:00
1 Play Today
Question Answer Wrong Answers
F Flying Pig
83.3%
Flying Squirrel
0.9%
Flying Fox
2.6%
Flying Snake
8.3%
C Chickadoo
65.9%
Civet
10.2%
Coatimundi
16.6%
Cassowary
5.5%
I Iroko
63.3%
Ibex
4%
Impala
3%
Indri
22%
E Esseti
62.2%
Eland
20.9%
Echidna
4.3%
Ermine
8.3%
D Dirtkisser
62.1%
Dik-dik
6.8%
Drongo
23.5%
Dugong
4.7%
R Rambutan
61.2%
Rhea
12.9%
River Dolphin
12.8%
Reindeer
1.8%
M Music Box Jellyfish
59.1%
Marten
11%
Mudskipper
4.3%
Mynah
16.2%
B Brasskap
57.6%
Binturong
13.8%
Babirusa
19.1%
Bandicoot
8.8%
K Kokopelli
56.5%
Kakapo
16.6%
Kookaburra
3.5%
Kinkajou
14.6%
L Lambfish
56.3%
Lungfish
5.6%
Lionfish
1.2%
Ladyfish
27.8%
A Antedillo
54.6%
Axolotl
7.3%
Aardwolf
24.4%
Antlion
13.4%
J Jackalope
50.5%
Jaguarundi
17%
Jerboa
10.8%
Jabiru
13.6%
S Spake
48%
Shrike
13.3%
Snipe
21.5%
Stoat
5.6%
P Pyrri
47%
Pangolin
6.5%
Peregrine
4.9%
Puku
30.8%
W Whist
46.5%
Wrasse
8.9%
Wobbegong
27.5%
Wolverine
4.2%
O Ogive
45.8%
Oryx
5.7%
Okapi
2.7%
Olm
35.6%
T Tabard
42.5%
Tardigrade
26.8%
Tapir
2.4%
Tamandua
16.3%
V Vijousaki
42.3%
Vicuña
10.9%
Vaquita
13.9%
Vireo
20.2%
Q Quetzalcoatl
40.1%
Quokka
10.4%
Quoll
24.8%
Quagga
13.8%
G Galabiya
38.7%
Gharial
16.9%
Gerenuk
23.7%
Grebe
14.7%
N Nemapode
36.9%
Numbat
27.5%
Nautilus
9.5%
Nuthatch
16.3%
H Hackbut
33.2%
Hoatzin
12.9%
Hellbender
37.6%
Hartebeest
9.2%
Y Yarygin
28.1%
Yabby
41.3%
Yapok
14.9%
Yak
1.9%
U Umbrella Bug
26%
Urial
32.9%
Uinta Ground Squirrel
17.5%
Ulysses Butterfly
11.3%
X Xyloderm
25%
X-ray Tetra
24%
Xantus' Hummingbird
7.1%
Xeme
30.5%
Z Zule
14.7%
Zorilla
43.4%
Zorse
10.9%
Zonkey
16.9%

You're not logged in!

Compare scores with friends on all Sporcle quizzes.
OR
Log In

Sporcle TV

Today on Sporcle TV


Watch our educational content, quiz creation guides, and fun videos on Sporcle TV.

Show Comments

Extras

Top Quizzes Today


Score Distribution

Your Account Isn't Verified!

In order to create a playlist on Sporcle, you need to verify the email address you used during registration. Go to your Sporcle Settings to finish the process.

Report this User

Report this user for behavior that violates our Community Guidelines.

Details: